Statistics for Players to Win the UCL and European Championship in the Same Season

Click here to take the quiz!

General Stats

  • This quiz has been taken 109 times
  • The average score is 4 of 11

Answer Stats

YearPlayerUCLEuros% Correct
2016Cristiano RonaldoReal MadridPortugal
93%
2020(21)*JorginhoChelseaItaly
76%
2016PepeReal MadridPortugal
76%
2012Fernando TorresChelseaSpain
60%
2012Juan MataChelseaSpain
44%
1988Ronald KoemanPSV EindhovenNetherlands
27%
1964Luis SuárezInter MilanSpain
15%
1988Hans van BreukelenPSV EindhovenNetherlands
3%
1988Berry van AerlePSV EindhovenNetherlands
1%
1988Gerald VanenburgPSV EindhovenNetherlands
1%
1988Wim KieftPSV EindhovenNetherlands
1%

Score Distribution

Percentile by Number Answered

Percent of People with Each Score

Your Score History

You have not taken this quiz